Project Management / (Record no. 616602)

000 -LEADER
fixed length control field 00442nam a22001697a 4500
003 - CONTROL NUMBER IDENTIFIER
control field NUST
005 - DATE AND TIME OF LATEST TRANSACTION
control field 20260311131558.0
008 - FIXED-LENGTH DATA ELEMENTS--GENERAL INFORMATION
fixed length control field 260311b ||||| |||| 00| 0 eng d
020 ## - INTERNATIONAL STANDARD BOOK NUMBER
International Standard Book Number 978-0071379526
082 ## - DEWEY DECIMAL CLASSIFICATION NUMBER
Classification number 658.404
Author Mark HEE
100 ## - MAIN ENTRY--PERSONAL NAME
Personal name Gary R. Heerkens.
9 (RLIN) 133640
245 ## - TITLE STATEMENT
Title Project Management /
Statement of responsibility, etc. Gary R. Heerkens.
260 ## - PUBLICATION, DISTRIBUTION, ETC.
Place of publication, distribution, etc. USA:
Name of publisher, distributor, etc. McGraw Hill,
Date of publication, distribution, etc. 2002.
300 ## - PHYSICAL DESCRIPTION
Extent 250 p ;
Dimensions 27.2 cm
563 ## - BINDING INFORMATION
Binding note Paperback
942 ## - ADDED ENTRY ELEMENTS (KOHA)
Source of classification or shelving scheme
Koha item type Book
Holdings
Withdrawn status Lost status Source of classification or shelving scheme Damaged status Not for loan Permanent Location Current Location Date acquired Total Checkouts Full call number Barcode Date last seen Price effective from Koha item type
          Institute of Geographical Information Systems (IGIS) Institute of Geographical Information Systems (IGIS) 03/11/2026   658.404 HEE IGIS-321 03/11/2026 03/11/2026 Book
          Institute of Geographical Information Systems (IGIS) Institute of Geographical Information Systems (IGIS) 03/11/2026   658.404 HEE IGIS-322 03/11/2026 03/11/2026 Book
          Institute of Geographical Information Systems (IGIS) Institute of Geographical Information Systems (IGIS) 03/11/2026   658.404 HEE IGIS-341 03/11/2026 03/11/2026 Book
© 2023 Central Library, National University of Sciences and Technology. All Rights Reserved.